| 000 | 00473nam a2200169Ia 4500 | ||
|---|---|---|---|
| 008 | 230917s9999||||xx |||||||||||||| ||und|| | ||
| 020 | _cRS695 | ||
| 040 |
_e235607 _aMAIN |
||
| 041 | _aEnglish | ||
| 082 | _aB N315H:W | ||
| 100 | _aHasan, Mushirul | ||
| 245 | 0 | _aWhen stone walls cry: The Nehrus in prison | |
| 260 |
_aNew Delhi _bOxford Press _c2016 |
||
| 300 | _aix, 201 p. | ||
| 500 | _a2444 03/11/2016 HBD17/6825 16/02/2017 Pt.Jawahar Lal Nehru Chair | ||
| 942 | _cBK | ||
| 999 |
_c19673 _d19673 |
||